| 000 -ლიდერი |
| ფიქსირებული სიგრძის საკონტროლო ველი |
01219nam a2200265Ia 4500 |
| 001 - საკონტროლო ნომერი |
| საკონტროლო ველი |
2293 |
| 003 - საკონტროლო ნომრის იდენტიფიკატორი |
| საკონტროლო ველი |
GE_BSU |
| 005 - ბოლო ოპერაციის თარიღი და დრო |
| საკონტროლო ველი |
20190430162022.0 |
| 008 - ფიქსირებული სიგრძის მონაცემთა ელემენტები - ზოგადი ინფორმაცია |
| ფიქსირებული სიგრძის საკონტროლო ველი |
181216s2009||||ge |||||||||||||| ||geo|| |
| 020 ## - წიგნის საერთაშორისო სტანდარტული ნომერი |
| International Standard Book Number |
9789994050758 |
| 040 ## - კატალოგიზაციის წყარო |
| Transcribing agency |
GE_BSU |
| 041 ## - ენის კოდი |
| Language code of text/sound track or separate title |
geo |
| 080 ## - უნივერსალური ათობითი კლასიფიკაციის ინდექსი |
| Universal Decimal Classification number |
368.9.06+614.2 ვ–39 |
| 100 ## - მთავარი ჩანაწერი - პიროვნების სახელი |
| Personal name |
ვერულავა, თენგიზ. |
| 9 (RLIN) |
556 |
| 245 ## - ცნობა სათაურის შესახებ |
| Title |
ჯანდაცვის ეკონომიკა და დაზღვევა: |
| Remainder of title |
სახელმძღვ. / |
| Statement of responsibility, etc |
თენგიზ ვერულავა; .რედ. თ. ლობჟანიძე; საქართველოს უნ–ტი;ჯანდაცვის სკოლა. |
| 250 ## - გამოცემის ცნობა |
| Edition statement |
მე-2 გამოც. |
| 264 ## - წარმოების, გამოცემის, დისტრიბუციის და სხვა ცნობები |
| გამოცემის, წარმოების, დისტრიბუციის... ადგილი |
თბილისი : |
| გამოცემის, წარმოების, დისტრიბუციის... სახელწოდება |
საქ–ს უნ–ტი, |
| გამოცემის, წარმოების, დისტრიბუციის... თარიღი |
2009. |
| 300 ## - ფიზიკური აღწერა |
| Extent |
776გვ. : |
| Other physical details |
ცხრ., ნახ. ; |
| Dimensions |
23სმ. |
| 504 ## - BIBLIOGRAPHY, ETC. NOTE |
| Bibliography, etc |
ბიბლიოგრ.: გვ. 760-776. |
| 653 ## - INDEX TERM--UNCONTROLLED |
| Uncontrolled term |
მედიცინა |
| 653 ## - INDEX TERM--UNCONTROLLED |
| Uncontrolled term |
ჯანდაცვის ეკონომიკა |
| 653 ## - INDEX TERM--UNCONTROLLED |
| Uncontrolled term |
დაზღვევის ეკონომიკა |
| 700 ## - ADDED ENTRY--PERSONAL NAME |
| Relator term |
რედაქტორი |
| 9 (RLIN) |
557 |
| Personal name |
ლობჟანიძე, თ. |
| 942 ## - ADDED ENTRY ELEMENTS (KOHA) |
| Koha item type |
წიგნი |
| Source of classification or shelving scheme |
|